00152nam a22000737a 4500082001800000100001500018245003500033300001000068 a297.01 M O N  aMontgomery aThe formative period of Islam  a424 p